Honoring the true God / (Record no. 4985)

MARC details
000 -LEADER
fixed length control field 00698cam a22002537a 4500
001 - CONTROL NUMBER
control field 18342
003 - CONTROL NUMBER IDENTIFIER
control field GBCCL
005 - DATE AND TIME OF LATEST TRANSACTION
control field 20241126110531.0
008 - FIXED-LENGTH DATA ELEMENTS--GENERAL INFORMATION
fixed length control field 921105s1992 txu 000 0 eng
010 ## -
-- 92235800 //r93
035 ## - SYSTEM CONTROL NUMBER
System control number (OCoLC)27035987
040 ## - CATALOGING SOURCE
Original cataloging agency DLC
Transcribing agency DLC
Modifying agency MSV
-- LBB
049 ## -
-- LBBK
082 ## - DEWEY DECIMAL CLASSIFICATION NUMBER
Classification number 239
Item number BES
090 ## - LOCALLY ASSIGNED LC-TYPE CALL NUMBER (OCLC); LOCAL CALL NUMBER (RLIN)
Classification number (OCLC) (R) ; Classification number, CALL (RLIN) (NR) BT102
Local cutter number (OCLC) ; Book number/undivided call number, CALL (RLIN) .B47
092 0# - LOCALLY ASSIGNED DEWEY CALL NUMBER (OCLC)
Classification number 239.00904
Item number B561, 1992
Edition number 20
100 1# - MAIN ENTRY--PERSONAL NAME
Personal name Best, W. E.
9 (RLIN) 453
245 10 - TITLE STATEMENT
Title Honoring the true God /
Statement of responsibility, etc. by W.E. Best.
260 ## - PUBLICATION, DISTRIBUTION, ETC.
Place of publication, distribution, etc. Houston, Tex. :
Name of publisher, distributor, etc. South Belt Assembly of Christ,
Date of publication, distribution, etc. [1992?]
300 ## - PHYSICAL DESCRIPTION
Extent 32 p. ;
Dimensions 22 cm.
650 #0 - SUBJECT ADDED ENTRY--TOPICAL TERM
Topical term or geographic name entry element Apologetics
Chronological subdivision 20th century.
9 (RLIN) 1383
650 #0 - SUBJECT ADDED ENTRY--TOPICAL TERM
Topical term or geographic name entry element Theology, Doctrinal.
9 (RLIN) 14
942 ## - ADDED ENTRY ELEMENTS (KOHA)
Source of classification or shelving scheme Dewey Decimal Classification
Koha item type Books
Koha issues (borrowed), all copies 6
Holdings
Withdrawn status Lost status Source of classification or shelving scheme Damaged status Not for loan Home library Current Library Shelving location Date acquired Total checkouts Total renewals Full call number Barcode Date last seen Date last checked out Copy number Price effective from Koha item type
    Dewey Decimal Classification     GRACE BIBLE COLLEGE GRACE BIBLE COLLEGE Theology 2018-02-16 3 1 239 BES 003730 2025-05-01 2024-09-17 c.1 2018-02-16 Books
    Dewey Decimal Classification     GRACE BIBLE COLLEGE GRACE BIBLE COLLEGE Theology 2018-03-01 3   239 BES 003731 2025-05-01 2024-09-24 c.2 2018-03-01 Books
© Grace Bible College Library 2025